000 00554nam a2200181Ia 4500
008 151018s9999 xx 000 0 und d
082 _bRBASDV63810
_a891.437
100 _aदिनेश पाठक
245 _aआधी हकीकत
250 _b1
260 _bनितीका प्रकाशन दिल्ली
_c2014
300 _a128
600 _aदिनेश पाठक
630 _aआधी हकीकत
700 _aदिनेश पाठक
730 _aआधी हकीकत
942 _cBOOK
999 _c1056151
_d1056148